The eight percent solution: a strategy For India's growth (Record no. 526098)

000 -LEADER
fixed length control field 00405nam a22001337a 4500
020 ## - INTERNATIONAL STANDARD BOOK NUMBER
International Standard Book Number 9789356403598
082 ## - DEWEY DECIMAL CLASSIFICATION NUMBER
Classification number T19x54 G959
100 ## - MAIN ENTRY--PERSONAL NAME
Personal name Gupta, Nikhil
9 (RLIN) 45000
245 ## - TITLE STATEMENT
Title The eight percent solution: a strategy For India's growth
Statement of responsibility, etc by Nikhil Gupta
260 ## - PUBLICATION, DISTRIBUTION, ETC. (IMPRINT)
Place of publication, distribution, etc New Delhi
Name of publisher, distributor, etc Bloomsbury
Date of publication, distribution, etc 2023
300 ## - PHYSICAL DESCRIPTION
Extent 400p.
650 ## - SUBJECT ADDED ENTRY--TOPICAL TERM
Topical term or geographic name as entry element Economic development
9 (RLIN) 45001
650 ## - SUBJECT ADDED ENTRY--TOPICAL TERM
Topical term or geographic name as entry element Economic development - India
9 (RLIN) 45002
Holdings
Withdrawn status Lost status Source of classification or shelving scheme Damaged status Koha normalized classification for sorting Not for loan Permanent location Current location Shelving location Date acquired Full call number Barcode Date last seen Price effective from Koha item type
        T_19X54_G959   Indian Institute of Public Administration Indian Institute of Public Administration On Display 2024-05-08 T19x54 G959 89173 2024-05-08 2024-05-08 Book

Powered by Koha